Responses for Show #2415 - Friday, February 17, 1995

1995 Teen Tournament final game 2.

Contestants

[<< previous game]

Deborah Sager, a senior from Reston, Virginia (subtotal of $7,200)

Matt Zielenski, a junior from Broadview Heights, Ohio (subtotal of $24,000)

Susannah Batko-Yovino, a junior from Altoona, Pennsylvania (subtotal of $12,800)

[next game >>]

Jeopardy! Round responses

ASTRONOMY & SPACE
GAMES
AMERICANA
BIOGRAPHIES
VOCABULARY
FOOD POTPOURRI
    $100 1
Saturn

Deborah
    $100 6
The Simpsons

Matt
    $100 11
Denver

Susannah
    $100 12
Elvis

Deborah
    $100 20
fanatic

Matt
    $100 23
a pumpkin

Matt
    $200 2
Halley's comet

Susannah
    $200 7
Chance

Susannah
    $200 13
the Grand Old Party

Matt
    $200 15
Charlemagne

Matt
    $200 22
a muzzle

Susannah
    $200 25
KFC (Kentucky Fried Chicken)

Matt
    $300 3
Skylab

Susannah
    $300 8
(Alex: Perhaps you're a little too old for this. What is [*]?)

Pog

Triple Stumper
    $300 14
Thanksgiving

Susannah
    $300 18
George Eliot

Deborah
    $300 24
vagrant

Susannah
    $300 28
coconut

Susannah
    $400 4
Sputnik

Matt
    $400 9
(Susannah: What is Mastermind?)

Simon

SusannahMatt
    $400 16
Williamsburg

Matt
    $400 19
(Francisco) Franco

Susannah
    $400 26
incumbent

Matt
    $400 29
guacamole

Matt
    $500 5
(Susannah: What is Discovery?)

Endeavour

SusannahMatt
    $500 10
Myst

Matt
    $500 17
Rosalynn Carter

Matt
    $500 21
the Kennedys

Deborah
    $1,500 27
terrace

Matt
    $500 30
okra

Susannah

Scores at the first commercial break (after clue 16):

Susannah Matt Deborah
$200 $2,700 $200

Scores at the end of the Jeopardy! Round:

Susannah Matt Deborah
$1,900 $5,900 $1,000

Double Jeopardy! Round responses

THE 1880s
ARCHITECTURE
ISLANDS
NOTABLE NAMES
TRANSPORTATION
DRAMA
    $200 4
Jeff Davis

Matt
    $200 9
a casino

Deborah
    $200 14
the Aleutian Islands

Susannah
    $200 16
Levi Strauss

Deborah
    $200 24
a rickshaw

Susannah
    $200 1
Thornton Wilder

Deborah
    $400 5
Annie Oakley

Matt
    $400 12
iron

Matt
    $400 15
Canada

Deborah
    $1,500 17
(Cesar) Chavez

Deborah
    $400 25
a stagecoach

Susannah
    $400 2
Shaw

Deborah
    $600 6
(George) Eastman

Matt
    $600 13
columns

Deborah
    $600 21
(Deborah: What is Martha's Vineyard?)
(Matt: What is Cape Cod?)
(Susannah: What is Nantucket?)
[ERRATUM: "Narragansett" was misspelled on the clue display.]

Rhode Island

SusannahMattDeborah
Triple Stumper
    $600 18
Marie Curie

Deborah
    $600 26
(Robert) Fulton

Matt
    $600 3
masks

Matt
    $800 7
Greenwich

Deborah
    $800 27
Gothic

Matt
    $2,000 22
Crete

Susannah
    $800 19
(Robert) Peary

Deborah
    $800 29
the Interstate Commerce Commission

Susannah
    $800 8
Tennessee Williams

Susannah
    $1000 11
(Deborah: Who is Nash?)

(Thomas) Nast

MattDeborah
    $1000 28
(Susannah: What is the University of California?)

Stanford

SusannahMatt
    $1000 23
Indonesia

Susannah
    $1000 20
Martin Luther

Susannah
    $1000 30
the Union Pacific

Matt
    $1000 10
Sophocles

Matt

Scores at the end of the Double Jeopardy! Round:

Susannah Matt Deborah
$6,700 $12,900 $5,100
(lock tournament)

[wagering suggestions for these scores]

Final Jeopardy! Round responses

ENGLISH LITERATURE
DeborahWhat is Beowulf?
$5,000
SusannahWhat is Beowulf?
$6,700
MattWhat is Beowulf
$5,400
Beowulf

Final scores:

Susannah Matt Deborah
$13,400 $18,300 $10,100

Cumulative scores:

Susannah Matt Deborah
$26,200 $42,300 $17,300
1st runner-up: $26,200 Tournament champion: $42,300 2nd runner-up: $17,300

Game dynamics:

Coryat scores:

Susannah Matt Deborah
$5,500 $11,900 $4,000
18 R
(including 1 DD),
4 W
26 R
(including 1 DD),
1 W
14 R
(including 1 DD),
2 W

Combined Coryat: $21,400

[game clues] [game scores] [suggest correction]

Game tape date: 1995-01-04
The J! Archive is created by fans, for fans. Scraping, republication, monetization, and malicious use prohibited; this site may use cookies and collect identifying information. See terms. The Jeopardy! game show and all elements thereof, including but not limited to copyright and trademark thereto, are the property of Jeopardy Productions, Inc. and are protected under law. This website is not affiliated with, sponsored by, or operated by Jeopardy Productions, Inc. Join the discussion at JBoard.tv.